Statistics for Korea Knowledge

Click here to take the quiz!

General Stats

  • This quiz has been taken 8 times
  • The average score is 8 of 11

Answer Stats

HintAnswer% Correct
What is North Korea's capital?Pyongyang
100%
What is South Korea's capital?Seoul
100%
What year did Korea split?1945
67%
What writing system does the Korean language use?Hangul
67%
What country was Korea apart of before it became independent?Japan
67%
What is South Korea's biggest island called?Jeju
67%
What is the peninsula of Korea called?Korean
67%
Before Korean was made, what language were the people of Korea using?Mandarin
67%
What is the eastern border of North Korea?Russia
67%
What is the sea west of Korea?Yellow
67%
What is the sea east of Korea?Japan
33%

Score Distribution

Percentile by Number Answered

Percent of People with Each Score

Your Score History

You have not taken this quiz